Statistics for Colorado A-Z

Click here to take the quiz!

General Stats

  • This quiz has been taken 32 times
  • The average score is 14 of 26

Answer Stats

ClueAnswer% Correct
DCapital cityDenver
100%
NIn 1936, Colorado tried to close its border with this neighborNew Mexico
93%
MRecreational drug legalized in 2012Marijuana
86%
RMajor mountain rangeRocky Mountains
83%
VFamous ski resort townVail
83%
WAnimal to be controversially reintroduced in the wildGray {Wolf}
76%
TColorado's "Unsinkable Molly Brown" was a passenger on this shipTitanic
72%
XWinter event held in Aspen since 2002X Games
72%
CState nickname, or a suburb of the next answerThe {Centennial} State
69%
UIndigenous group whose traditional lands constitute much of the stateUte
62%
EHighest pointMount {Elbert}
59%
GRiver famous for its Black CanyonGunnison
55%
AMajor river of the plainsArkansas
48%
ICity that hosted the 1976 Winter Olympics after Colorado rejected the eventInnsbruck
48%
PCity on the banks of #1Pueblo
48%
JFormer governor, senator, and namesake of the eastbound component of I-70's Eisenhower TunnelEdwin C. {Johnson}
38%
SThis landform is the tallest of its kind in North AmericaGreat {Sand} {Dunes}
38%
YTown on the Eastern PlainsYuma
38%
FA portion of Colorado has antipodes in a territory of this country, making it one of only two contiguous states opposite landFrance
34%
OTown in the San Juan MountainsOuray
31%
QPopular 14er hike{Quandary} Peak
31%
BMountain called Sisnaajiní in the Diné (Navajo) language{Blanca} Peak
24%
KMountain pass providing a key route into South ParkKenosha
24%
LSite of a 1914 massacre of coal miners during a labor strikeLudlow
17%
ZPopular waterfall hike{Zapata} Falls
17%
HHistoric site where the 10th Mountain Division trained during WWIICamp {Hale}
14%

Score Distribution

Percentile by Number Answered

Percent of People with Each Score

Your Score History

You have not taken this quiz